Homenaje a Dn Andrés Bello.

Gespeichert in:
Bibliographische Detailangaben
1. Verfasser: Gómez Macker, Luis Adolfo (autor)
Weitere Verfasser: Harris Fernández, Jaime (autor), Durán Villarreal, Fernando (autor), Ramírez Rojas, Manuel Alfonso (autor)
Format: Buch
Sprache:Spanisch
Veröffentlicht: Valparaíso, Chile: Pontificia Universidad Católica de Valparaíso; Ediciones Universitaria de Valparaíso, 1982.
Schriftenreihe:Colección Universidad. Serie Cátedra.
Schlagworte:
Tags: Tag hinzufügen
Keine Tags, Fügen Sie den ersten Tag hinzu!

MARC

LEADER 00000nam a2200000 a 4500
001 UCX9447
003 CL-VaPUC
005 20240405155432.0
008 940607e19820000CL |||||||||||||||||spa|d
999 |c 228681  |d 228679 
040 |c Pontificia Universidad Católica de Valparaíso 
082 0 4 |a Ve860.9 GOM 1982   |2 21 
100 |a Gómez Macker, Luis Adolfo  |e autor  |9 492261 
245 1 0 |a Homenaje a Dn Andrés Bello.  
260 |a Valparaíso, Chile:  |b Pontificia Universidad Católica de Valparaíso;  |b Ediciones Universitaria de Valparaíso,  |c 1982. 
300 |a 72 páginas.  
490 0 |a Colección Universidad. Serie Cátedra. 
500 |a c.4 Donación Familia Prof. Alejandro Guzmán Brito. 
583 |a last modification  |c 20120812 03:43:56  |k Rodrigo Vera 
600 0 |a Bello, Andrés,   |d 1781-1865  |x Homenajes  |9 545824 
700 |a Harris Fernández, Jaime  |e autor  |9 738167 
700 |a Durán Villarreal, Fernando  |e autor  |9 886084 
700 0 |a Ramírez Rojas, Manuel Alfonso  |e autor  |9 326837 
942 |c BK  |2 ddc  |n 0 
945 |d 19940607 00:00:00  |a oaravena 
952 |0 0  |1 0  |4 0  |6 VE_860_900000000000000_GOM_1982  |7 0  |8 A  |9 229037  |a BIBEDU  |b BIBEDU  |d 2019-11-15  |i 2968991  |o Ve860.9 GOM 1982  |p 2968991  |r 2019-11-15  |w 2019-11-15  |y BK  |k LIT 
952 |0 0  |1 0  |4 0  |6 VE_860_900000000000000_GOM_1982  |7 0  |8 A  |9 229038  |a BIBEDU  |b BIBEDU  |d 2019-11-15  |i 1540114  |o Ve860.9 GOM 1982  |p 1540114  |r 2019-11-15  |w 2019-11-15  |y BK  |k EDU 
952 |0 0  |1 0  |4 0  |6 VE_860_900000000000000_GOM_1982  |7 0  |8 X  |9 229039  |a FDOBUD  |b FDOBUD  |d 2019-11-15  |i 1025090  |o Ve860.9 GOM 1982  |p 1025090  |r 2019-11-15  |w 2019-11-15  |y BK_X  |k FHP 
952 |0 0  |1 0  |2 ddc  |4 0  |6 VE_860_900000000000000_GOM_1982  |7 1  |8 C_AGB  |9 580160  |a BIBDER  |b BIBDER  |d 2022-01-05  |e Donación   |i 5635268  |o Ve860.9 GOM 1982  |p 5635268  |r 2023-01-25  |t 4  |w 2022-01-05  |y BK_US  |k AGB 
952 |0 0  |1 0  |2 ddc  |4 0  |6 VE_860_900000000000000_GOM_1982  |7 0  |8 A  |9 596901  |a BIBGIM  |b BIBGIM  |d 2024-09-23  |i 5662806  |o Ve860.9 GOM 1982  |p 5662806  |r 2025-01-15  |t 5  |w 2024-09-23  |y BK  |k ELE